Vývoj názorov na postavenie ekonomiky Slovenska v predmníchovskej republike K čiastkovej úlohe. ŠPZV IX-7-3/01

Saved in:
Bibliographic Details
Main Author: Fabrícius, Miroslav
Format: Book
Language:Slovak
Published: Bratislava Ekon. ústav SAV 1990
Edition:1. vyd.
Series:Výskumné práce Č.79
Tags: Add Tag
No Tags, Be the first to tag this record!

MARC

LEADER 00000nam a2200000 4500
001 c033310
005 20221128074531.5
041 0 |a slo 
044 |a SK 
245 1 0 |a Vývoj názorov na postavenie ekonomiky Slovenska v predmníchovskej republike  |b K čiastkovej úlohe. ŠPZV IX-7-3/01  |c Miroslav Fabrícius 
250 |a 1. vyd. 
264 1 |a Bratislava  |b Ekon. ústav SAV  |c 1990 
300 |a 97 s. 
490 1 |a Výskumné práce  |v Č.79 
830 0 |a Výskumné práce  |v Č.79 
100 1 |a Fabrícius, Miroslav